| 000 | 00794nam a22002417a 4500 | ||
|---|---|---|---|
| 003 | UA-OsUOA | ||
| 001 | 24847 | ||
| 007 | ta | ||
| 008 | 20040303b un ||||| |||| 00| 0 ukr d | ||
| 090 |
_a342.7(477) _bД66 |
||
| 942 | _cBK | ||
| 040 |
_aUA-OsUOA _bukr _cUA-OsUOA _dUA-OsUOA |
||
| 245 |
_aДомовленість між Україною та Республікою Узбекистан щодо співробітництва у вирішенні питань громадянства депортованих осіб та їхніх нащадків _bЗбірка документів |
||
| 300 | _a206 с. | ||
| 955 | _a0 | ||
| 041 | _aukr | ||
| 080 | _a342.7(477) | ||
| 020 | _a966-7558-09-6 | ||
| 260 |
_aКиїв _c1999 |
||
| 044 | _aUA | ||
| 650 | 7 | _2UDC | |
| 999 |
_c311133 _d311133 |
||